Afrika Bayrakları Testi - Statistics

General Stats
  • This quiz has been taken 102 times
  • The average score is 31 of 54
Answer Stats
Picture Answer % Correct
Nijerya
89%
Cibuti
84%
Fas
84%
Demokratik Kongo Cumhuriyeti
82%
Kenya
79%
Nijer
77%
Tunus
75%
Lesotho
73%
Somali
73%
Benin
71%
Moritanya
71%
Çad
70%
Kamerun
70%
Güney Afrika Cumhuriyeti
68%
Mali
66%
Cezayir
64%
Sudan
64%
Burkina Faso
63%
Etiyopya
63%
Burundi
61%
Liberya
61%
Mozambik
61%
Ekvator Ginesi
59%
Malavi
59%
Botsvana
57%
Fildişi Sahili
57%
Güney Sudan
57%
Gabon
55%
Gana
55%
Libya
55%
Mısır
55%
Senegal
55%
Tanzanya
55%
Uganda
55%
Zambiya
55%
Angola
54%
Gambiya
54%
Kongo
54%
Seyşeller
50%
Esvatini
48%
Komorlar
48%
Madagaskar
48%
Togo
48%
Mauritius
46%
Gine
43%
Orta Afrika Cumhuriyeti
43%
Eritre
39%
Sierra Leone
39%
Gine Bissau
38%
Ruanda
38%
Namibya
30%
Zimbabve
29%
Yeşil Burun Adaları
27%
São Tomé ve Príncipe
25%
No matching quizzes found
Score Distribution
Percent of People with Each Score
Percentile by Number Answered
Your Score History
You have not taken this quiz